| 000 | 00852cam a2200313 4500 | ||
|---|---|---|---|
| 008 | 090401t1996 xxu||||| |||| 00| 0 eng d | ||
| 020 | _a0728202743 | ||
| 035 | _a(Sirsi) u77921 | ||
| 041 | _aeng | ||
| 050 | _a333.0023 | ||
| 100 | _aMurdoch, John | ||
| 245 | 4 | _aThe ISVA/Estates Gazette CPD legal update 1996. | |
| 260 |
_aLondon _bISVA _c1996 |
||
| 350 | _a19 | ||
| 520 | _aCover title: CPD Legal Update 1996. | ||
| 650 | _aCOMPULSORY PURCHASE AND COMPENSATION | ||
| 650 | _aCPD LEGAL UPDATE | ||
| 650 | _aESTATES GAZETTE | ||
| 650 |
_aLANDLORD AND TENANT _96252 |
||
| 650 | _aLAW | ||
| 650 | _aPLANNING LAW | ||
| 650 | _aPROFESSIONAL PRACTICE | ||
| 690 | _aLAW | ||
| 700 | _aMurdoch, Sandi | ||
| 700 | _aRivers, Sue | ||
| 710 |
_aIncorporated Society of Valuers and Auctioneers _91201 |
||
| 942 | _n0 | ||
| 948 | _c25/04/1997 | ||
| 999 |
_c96371 _d96371 |
||